000
00298nam a2200121Ia 4500
008
191201s2019 xx 000 0 und d
100
_a
MURRAY, Daniel A
245
0
_a
Introductory Course in Differential Equations
260
_a
N. Delhi
_b
Khosla
300
_a
236
650
_a
Applied
942
_2
ddc
_c
BK
999
_c
76
_d
76